US Metropolitan Areas by GDP - Statistics

General Stats
  • This quiz has been taken 3,686 times
    850 since last reset
  • The average score is 42 of 50
Answer Stats
# GDP (millions) Metropolitan Area % Correct
1 2,298,868 New York City
100%
3 894,862 Chicago
99%
2 1,295,361 Los Angeles
99%
5 744,654 Dallas
98%
7 696,999 Houston
98%
12 533,674 Miami
98%
4 778,878 San Francisco
98%
8 610,486 Boston
96%
10 566,742 Seattle
96%
11 557,601 Philadelphia
95%
6 714,685 Washington
95%
9 570,663 Atlanta
94%
17 314,943 San Diego
94%
22 248,110 Austin
93%
14 398,129 Phoenix
93%
16 331,333 Detroit
92%
25 218,894 Portland
92%
18 311,876 Denver
91%
23 243,268 Tampa
91%
15 350,710 Minneapolis
90%
34 182,087 Columbus
88%
35 178,388 Las Vegas
88%
26 217,038 Orlando
88%
33 182,139 San Antonio
88%
21 255,666 Charlotte
87%
36 173,134 Cleveland
87%
32 185,746 Kansas City
87%
28 199,198 Indianapolis
86%
40 129,095 Jacksonville
86%
47 102,437 New Orleans
86%
19 259,690 Baltimore
85%
29 198,889 Cincinnati
85%
27 204,861 Nashville
85%
24 226,549 St. Louis
85%
48 100,054 Oklahoma City
83%
46 102,934 Memphis
82%
30 194,230 Pittsburgh
82%
31 189,624 Sacramento
82%
37 147,519 Salt Lake City
81%
39 130,857 Milwaukee
80%
13 422,817 San Jose
80%
38 133,081 Raleigh
76%
49 97,751 Louisville
73%
41 127,459 Virginia Beach
71%
43 116,960 Richmond
69%
50 92,356 Omaha
62%
45 111,840 Providence
62%
42 122,805 Hartford
59%
20 256,859 Riverside
55%
44 116,031 Bridgeport
38%
No matching quizzes found
Score Distribution
Percent of People with Each Score
Percentile by Number Answered
Your Score History
You have not taken this quiz since the last reset